[Event "World Rapid Women 2019"]
[Site "Moscow RUS"]
[Date "2019.12.27"]
[Round "7.1"]
[White "Lei, Tingjie"]
[Black "Bulmaga, Irina"]
[Result "1/2-1/2"]
[WhiteTitle "GM"]
[BlackTitle "IM"]
[WhiteElo "2483"]
[BlackElo "2434"]
[WhiteFideId "8605114"]
[BlackFideId "13903063"]
[EventDate "2019.12.26"]

1. d4 Nf6 2. c4 e6 3. g3 c5 4. d5 exd5 5. cxd5 d6 6. Nc3 g6 7. Bg2 Bg7 8. Nf3
O-O 9. O-O Re8 10. Bf4 Na6 11. Re1 Bg4 12. e4 c4 13. h3 Bxf3 14. Qxf3 Nc5 15.
Bf1 b5 16. Nxb5 Nfxe4 17. Bxc4 Bxb2 18. Rad1 a6 19. Nd4 Qf6 20. Nb3 Nxb3 21.
axb3 Nc3 22. Rxe8+ Rxe8 23. Rf1 h5 24. Kg2 a5 25. Bd2 Qd4 26. Be3 Qe4 27. Qxe4
Rxe4 28. Bc1 Bxc1 29. Rxc1 Ne2 30. Ra1 Nd4 31. Rxa5 Kf8 32. Ra7 Ke8 33. Rb7 g5
34. Rb8+ Ke7 35. Rh8 h4 36. gxh4 gxh4 37. b4 Nc2 38. Bb5 Rxb4 39. Bc6 Rf4 40.
Re8+ Kf6 41. Rd8 Ke5 42. Re8+ Kf6 43. Rh8 Nb4 44. Rd8 Ke5 45. Re8+ Kd4 46. Re2
Kc5 47. Be8 Nxd5 48. Rc2+ Kd4 49. Rd2+ Ke5 50. Re2+ Re4 51. Ra2 Nf4+ 52. Kh2 Re2
53. Rxe2+ Nxe2 54. Bxf7 Nf4 55. Be8 d5 56. Bd7 Ke4 57. Kg1 d4 58. Kf1 d3 59. Ke1
Ng2+ 60. Kf1 Nf4 61. Ke1 Ng6 62. Kd2 Ne5 63. Be6 Kf3 64. Ke1 Ng6 65. Bg4+ Kg2
66. Bf5 Nf4 67. Kd2 Kxf2 68. Bxd3 Nxh3 69. Bf5 Ng1 70. Kd3 Nf3 71. Be6 Nh2 72.
Bf5 Kf3 73. Kd2 Kf4 74. Bd7 Kf3 75. Ke1 Kg2 76. Ke2 Kg3 77. Be6 Nf3 78. Kf1 1/2-1/2

[Event "World Rapid Women 2019"]
[Site "Moscow RUS"]
[Date "2019.12.27"]
[Round "7.2"]
[White "Atalik, Ekaterina"]
[Black "Tan, Zhongyi"]
[Result "0-1"]
[WhiteTitle "IM"]
[BlackTitle "GM"]
[WhiteElo "2462"]
[BlackElo "2502"]
[WhiteFideId "4130189"]
[BlackFideId "8603642"]
[EventDate "2019.12.26"]

1. d4 Nf6 2. Nf3 e6 3. g3 b5 4. Bg2 Bb7 5. a4 b4 6. Bg5 c5 7. O-O cxd4 8. Nxd4
Bxg2 9. Kxg2 Be7 10. Nd2 d5 11. N2b3 O-O 12. a5 Qc7 13. Qd3 Nbd7 14. f4 h6 15.
Bxf6 Nxf6 16. Rfc1 Ne4 17. a6 Rfc8 18. Ra5 Rab8 19. Rca1 Bd8 20. Rb5 Nd6 21.
Rxb8 Qxb8 22. Nd2 Bb6 23. N2f3 Qc7 24. b3 Qc5 25. e3 Nf5 26. Ra2 Nxd4 27. Nxd4
Re8 28. Ra1 e5 29. fxe5 Rxe5 30. Rf1 Re4 31. Rf3 g6 32. Qb5 Qxb5 33. Nxb5 Rxe3
34. Rxe3 Bxe3 35. Nc7 f5 36. Nxd5 Bc5 37. Kf3 Kf7 38. Nf4 g5 39. Nd3 Bd6 40. Ke3
h5 41. Kd4 Ke6 42. Ne1 h4 43. gxh4 g4 44. h5 Bxh2 45. Ng2 Kf6 46. h6 Kg6 47.
Nh4+ Kxh6 48. Nxf5+ Kg5 49. Ke4 Bg1 50. Ne7 Kh4 51. Nd5 Bc5 52. Kd3 g3 53. Nf4
Bd6 54. Ne2 g2 55. c4 bxc3 56. Kxc3 Kg4 57. Kd3 Bc5 58. Ke4 g1=Q 59. Nxg1 Bxg1
60. b4 Bb6 61. b5 Kg3 0-1

[Event "World Rapid Women 2019"]
[Site "Moscow RUS"]
[Date "2019.12.27"]
[Round "7.3"]
[White "Pogonina, Natalija"]
[Black "Harika, Dronavalli"]
[Result "1/2-1/2"]
[WhiteTitle "WGM"]
[BlackTitle "GM"]
[WhiteElo "2479"]
[BlackElo "2518"]
[WhiteFideId "4147855"]
[BlackFideId "5015197"]
[EventDate "2019.12.26"]

1. d4 d5 2. c4 e6 3. g3 Nf6 4. Bg2 dxc4 5. Nf3 c6 6. O-O b5 7. Bg5 Bb7 8. a4 Be7
9. Nc3 a6 10. Ne5 Nd5 11. Bxe7 Qxe7 12. Nxd5 cxd5 13. axb5 O-O 14. bxa6 Rxa6 15.
b3 Rxa1 16. Qxa1 cxb3 17. Rb1 Nc6 1/2-1/2

[Event "World Rapid Women 2019"]
[Site "Moscow RUS"]
[Date "2019.12.27"]
[Round "7.4"]
[White "Dzagnidze, Nana"]
[Black "Arabidze, Meri"]
[Result "1/2-1/2"]
[WhiteTitle "GM"]
[BlackTitle "IM"]
[WhiteElo "2520"]
[BlackElo "2435"]
[WhiteFideId "13601903"]
[BlackFideId "13604040"]
[EventDate "2019.12.26"]

1. c4 e6 2. Nf3 d5 3. e3 Nf6 4. Nc3 a6 5. d4 c5 6. a3 Nc6 7. dxc5 Bxc5 8. b4 Bd6
9. Bb2 O-O 10. cxd5 exd5 11. Be2 Bc7 12. O-O Qd6 13. Rc1 Re8 14. b5 Bg4 15. bxc6
Bxf3 16. g3 Bxe2 17. Nxe2 bxc6 18. Qc2 Ne4 19. Qxc6 Rac8 20. Qa4 Qb6 21. Bd4 Qb5
22. Qxb5 axb5 23. Nc3 Nd2 24. Rfd1 Nb3 25. Rb1 Nxd4 26. exd4 Bxg3 27. Nxb5 Bf4
28. Rb3 Ra8 29. Kg2 g5 30. Nc3 Ra5 31. Rb5 Rxb5 32. Nxb5 Ra8 33. Kf3 Bxh2 34.
Kg4 Bf4 35. Kf5 Kg7 36. Ra1 Ra5 37. a4 h5 38. Nc3 h4 39. Ne2 h3 40. Nxf4 gxf4
41. Kxf4 h2 42. Rh1 f6 43. Rxh2 Rxa4 44. Ke3 Ra3+ 45. Ke2 Kf7 1/2-1/2

[Event "World Rapid Women 2019"]
[Site "Moscow RUS"]
[Date "2019.12.27"]
[Round "7.5"]
[White "Muzychuk, Anna"]
[Black "Koneru, Humpy"]
[Result "1/2-1/2"]
[WhiteTitle "GM"]
[BlackTitle "GM"]
[WhiteElo "2537"]
[BlackElo "2574"]
[WhiteFideId "14111330"]
[BlackFideId "5008123"]
[EventDate "2019.12.26"]

1. e4 e5 2. Nf3 Nf6 3. Nxe5 d6 4. Nf3 Nxe4 5. Nc3 Nxc3 6. dxc3 Be7 7. Be3 Nc6 8.
Qd2 Be6 9. O-O-O Qd7 10. Kb1 a6 11. h3 O-O-O 12. Nd4 Nxd4 13. Bxd4 Rhg8 14. c4
c5 15. Bc3 Qc6 16. Bd3 d5 17. Qe2 g6 18. b3 Rge8 19. Qf3 Rd7 20. Rhe1 dxc4 21.
Qxc6+ bxc6 22. Bxc4 1/2-1/2

[Event "World Rapid Women 2019"]
[Site "Moscow RUS"]
[Date "2019.12.27"]
[Round "7.6"]
[White "Lagno, Kateryna"]
[Black "Gunina, Valentina"]
[Result "1-0"]
[WhiteTitle "GM"]
[BlackTitle "GM"]
[WhiteElo "2547"]
[BlackElo "2492"]
[WhiteFideId "14109336"]
[BlackFideId "4167570"]
[EventDate "2019.12.26"]

1. e4 c6 2. d4 d5 3. Nd2 dxe4 4. Nxe4 Bf5 5. Ng3 Bg6 6. h4 h6 7. Nf3 e6 8. Ne5
Bh7 9. Bd3 Bxd3 10. Qxd3 Bd6 11. Qe2 Nf6 12. Nf5 O-O 13. Nxd6 Qxd6 14. Be3 Qd5
15. c4 Qxg2 16. O-O-O Qe4 17. Rhg1 Kh7 18. Rg3 Na6 19. Rdg1 Rg8 20. Nxf7 Nb4 21.
Ng5+ hxg5 22. hxg5 Nd3+ 23. Kd2 Nf4 24. gxf6 g5 25. Bxf4 Qxf4+ 26. Kc3 Qxf6 27.
Rh3+ Kg7 28. Qh5 Rad8 29. Rxg5+ Kf8 30. Rf3 1-0

[Event "World Rapid Women 2019"]
[Site "Moscow RUS"]
[Date "2019.12.27"]
[Round "7.7"]
[White "Charochkina, Daria"]
[Black "Muzychuk, Mariya"]
[Result "0-1"]
[WhiteTitle "IM"]
[BlackTitle "GM"]
[WhiteElo "2355"]
[BlackElo "2559"]
[WhiteFideId "4180917"]
[BlackFideId "14114550"]
[EventDate "2019.12.26"]

1. d4 d5 2. c4 c6 3. Nc3 Nf6 4. Nf3 e6 5. Bg5 h6 6. Bxf6 Qxf6 7. Qb3 a5 8. e3 a4
9. Nxa4 dxc4 10. Qc2 Bb4+ 11. Nc3 b5 12. Be2 Nd7 13. O-O O-O 14. a3 Bxc3 15.
Qxc3 Nb6 16. e4 Bb7 17. Bd1 Rfc8 18. Bc2 c5 19. Rad1 Na4 20. Bxa4 Rxa4 21. Rfe1
Raa8 22. Ne5 cxd4 23. Rxd4 Rd8 24. Red1 Bxe4 25. Nd7 Rxd7 26. Rxd7 Qxc3 27. Rd8+
Kh7 28. bxc3 Rxa3 29. Rb8 Rb3 30. Rc1 f6 31. f3 Bd3 32. h3 e5 33. Re1 h5 34. h4
Kg6 35. Kf2 Kf5 36. Ke3 Rb2 37. g3 Ke6 38. f4 e4 39. Ra1 Kf5 40. Ra7 g6 41. Rab7
Kg4 42. Rxb5 Re2+ 43. Kd4 Kxg3 44. Rg8 Kxf4 45. Rxg6 f5 46. Rg5 e3 47. Rg1 Rd2
48. Re1 e2 49. Ra5 Rd1 50. Ra1 Bb1+ 0-1

[Event "World Rapid Women 2019"]
[Site "Moscow RUS"]
[Date "2019.12.27"]
[Round "7.9"]
[White "Abdumalik, Zhansaya"]
[Black "Guichard, Pauline"]
[Result "1-0"]
[WhiteTitle "IM"]
[BlackTitle "IM"]
[WhiteElo "2465"]
[BlackElo "2408"]
[WhiteFideId "13703544"]
[BlackFideId "639370"]
[EventDate "2019.12.26"]

1. e4 e5 2. Nf3 Nc6 3. Bb5 Nf6 4. d3 Bc5 5. c3 O-O 6. O-O d6 7. h3 a6 8. Ba4 Ba7
9. Re1 Ne7 10. Bc2 Ng6 11. d4 Re8 12. Nbd2 exd4 13. cxd4 c5 14. e5 Nd5 15. Nc4
cxd4 16. Nxd6 Re6 17. Nxc8 Rxc8 18. Bf5 Rcc6 19. Nxd4 Bxd4 20. Qxd4 Re8 21. Rd1
Nge7 22. Be4 Qa5 23. Bxd5 Nxd5 24. Qxd5 Rc5 25. Qxb7 Rcxe5 1-0

[Event "World Rapid Women 2019"]
[Site "Moscow RUS"]
[Date "2019.12.27"]
[Round "7.10"]
[White "Zimina, Olga"]
[Black "Stefanova, Antoaneta"]
[Result "1/2-1/2"]
[WhiteTitle "IM"]
[BlackTitle "GM"]
[WhiteElo "2390"]
[BlackElo "2476"]
[WhiteFideId "4132190"]
[BlackFideId "2902257"]
[EventDate "2019.12.26"]

1. Nf3 d5 2. c4 d4 3. g3 Nc6 4. Bg2 e5 5. d3 Be7 6. O-O Nf6 7. b4 Bxb4 8. Nxe5
Nxe5 9. Qa4+ Nc6 10. Bxc6+ bxc6 11. Qxb4 h5 12. Qc5 h4 13. Bb2 hxg3 14. fxg3 Ng4
15. Bxd4 Rxh2 16. Bxg7 Qd6 17. Qxd6 cxd6 18. Nc3 Be6 19. Bf6 Rh6 20. Bg5 Rh5 21.
Bh4 Kd7 22. Ne4 Rg8 23. Rf4 f5 24. Rxg4 fxe4 25. Rxe4 d5 26. cxd5 Bxd5 27. Ra4
a5 28. Rf4 Rxg3+ 29. Bxg3 Rh1+ 30. Kf2 Rxa1 31. a4 Bb3 32. Rd4+ Kc8 33. Be5 Bxa4
34. Rd8+ Kxd8 35. Bxa1 1/2-1/2

[Event "World Rapid Women 2019"]
[Site "Moscow RUS"]
[Date "2019.12.27"]
[Round "7.11"]
[White "Saduakassova, Dinara"]
[Black "Gaponenko, Inna"]
[Result "1/2-1/2"]
[WhiteTitle "IM"]
[BlackTitle "IM"]
[WhiteElo "2505"]
[BlackElo "2396"]
[WhiteFideId "13700090"]
[BlackFideId "14101181"]
[EventDate "2019.12.26"]

1. d4 d5 2. c4 dxc4 3. Nf3 Nf6 4. e3 e6 5. Bxc4 c5 6. O-O Nc6 7. Nc3 a6 8. Re1
Be7 9. dxc5 Qxd1 10. Rxd1 Bxc5 11. Bd2 O-O 12. Rac1 Rd8 13. Be1 Bd7 14. Bd3 Ba7
15. Ne4 Nxe4 16. Bxe4 Be8 17. Bc3 Rxd1+ 18. Rxd1 Rd8 19. Rxd8 Nxd8 20. Nd4 f5
21. Bf3 Bxd4 22. Bxd4 Bc6 23. Be2 Bd5 24. b3 Nc6 25. Bc5 Kf7 26. f3 e5 27. Kf2
Kf6 28. Ke1 g6 29. Kd2 Be6 30. Kc3 h5 31. a4 g5 32. b4 g4 33. f4 h4 34. b5 axb5
35. axb5 Nb8 36. fxe5+ Kxe5 37. Bd4+ Kd6 38. Bf6 h3 39. gxh3 gxh3 40. Kd4 Nd7
41. Bg5 Bd5 42. Bf1 Bg2 43. Bd3 Ke6 44. Bc4+ Kd6 45. Bf4+ Ke7 46. Bc7 Nf6 47.
Be5 Nd7 48. Bf4 Nb6 49. Bb3 Nd7 50. Bc4 Nb6 51. Bb3 Nd7 52. Bc7 Nf6 53. Ke5 Ng4+
54. Kxf5 Nxe3+ 55. Ke5 Kd7 56. b6 Kc6 57. Kd4 Nf5+ 58. Ke5 Ne3 59. Kd4 Nf5+ 60.
Ke5 1/2-1/2

[Event "World Rapid Women 2019"]
[Site "Moscow RUS"]
[Date "2019.12.27"]
[Round "7.13"]
[White "Kashlinskaya, Alina"]
[Black "Batsiashvili, Nino"]
[Result "1/2-1/2"]
[WhiteTitle "IM"]
[BlackTitle "GM"]
[WhiteElo "2484"]
[BlackElo "2447"]
[WhiteFideId "4198026"]
[BlackFideId "13602993"]
[EventDate "2019.12.26"]

1. d4 Nf6 2. c4 e6 3. Nc3 Bb4 4. e3 O-O 5. Bd2 d5 6. Nf3 b6 7. cxd5 exd5 8. Bd3
Bb7 9. O-O Be7 10. Ne5 c5 11. Rc1 Nc6 12. Nxc6 Bxc6 13. Qf3 Re8 14. Rfd1 Qd7 15.
Bf5 Qb7 16. Ne2 c4 17. Ng3 b5 18. h4 Ne4 19. Bxe4 dxe4 20. Qg4 Bd5 21. Nf5 Bf8
22. Bb4 g6 23. Bxf8 Rxf8 24. Qg5 Rad8 25. Nh6+ Kg7 26. Nf5+ Kg8 27. Nh6+ Kg7 1/2-1/2

[Event "World Rapid Women 2019"]
[Site "Moscow RUS"]
[Date "2019.12.27"]
[Round "7.14"]
[White "Galliamova, Alisa"]
[Black "Goltseva, Ekaterina"]
[Result "1/2-1/2"]
[WhiteTitle "IM"]
[BlackTitle "FM"]
[WhiteElo "2438"]
[BlackElo "2297"]
[WhiteFideId "4129725"]
[BlackFideId "24173770"]
[EventDate "2019.12.26"]

1. d4 Nf6 2. Nf3 d5 3. g3 b5 4. Bg2 e6 5. O-O Bb7 6. c3 c5 7. Bg5 Nbd7 8. Nbd2
Be7 9. a4 b4 10. a5 Ba6 11. Re1 O-O 12. e3 Rc8 13. Bf1 Bxf1 14. Kxf1 Qc7 15. Kg2
bxc3 16. bxc3 e5 17. dxe5 Nxe5 18. Qc2 Rfd8 19. Bf4 Bd6 20. Bg5 Be7 21. Bf4 Bd6
22. Bg5 Be7 23. Bf4 Bd6 24. Qd1 1/2-1/2

[Event "World Rapid Women 2019"]
[Site "Moscow RUS"]
[Date "2019.12.27"]
[Round "7.15"]
[White "Nurgali, Nazerke"]
[Black "Shuvalova, Polina"]
[Result "0-1"]
[WhiteTitle "WFM"]
[BlackTitle "WGM"]
[WhiteElo "2336"]
[BlackElo "2446"]
[WhiteFideId "13711261"]
[BlackFideId "24171760"]
[EventDate "2019.12.26"]

1. d4 Nf6 2. c4 e6 3. g3 d5 4. Nf3 Bb4+ 5. Bd2 Be7 6. Bg2 Nbd7 7. O-O c6 8. Qc2
b6 9. Bf4 Bb7 10. Nbd2 Nh5 11. Be3 Nhf6 12. Bf4 Nh5 13. Be3 O-O 14. Rac1 Nhf6
15. Bf4 c5 16. cxd5 Nxd5 17. e4 Nxf4 18. gxf4 cxd4 19. Nxd4 Rc8 20. Qd3 e5 21.
Rxc8 Qxc8 22. Nf5 Bf6 23. Qg3 Qc2 24. Qe3 Ba6 25. Re1 exf4 26. Qxf4 Qxb2 27. Nf3
Ne5 28. Nxe5 Qxe5 29. Qg4 g6 30. f4 Qc3 31. Rd1 Bc8 32. Nh6+ Kg7 33. Nf5+ Kh8
34. Qe2 gxf5 35. e5 Be7 36. Qh5 Be6 37. Rf1 Rg8 0-1

[Event "World Rapid Women 2019"]
[Site "Moscow RUS"]
[Date "2019.12.27"]
[Round "7.16"]
[White "Gvetadze, Sofio"]
[Black "Munguntuul, Batkhuyag"]
[Result "1/2-1/2"]
[WhiteTitle "IM"]
[BlackTitle "IM"]
[WhiteElo "2301"]
[BlackElo "2430"]
[WhiteFideId "13601440"]
[BlackFideId "4900758"]
[EventDate "2019.12.26"]

1. e4 c5 2. Nf3 e6 3. c4 Nc6 4. Nc3 Nf6 5. Be2 Be7 6. O-O e5 7. d3 O-O 8. h3 d6
9. a3 Be6 10. Rb1 a5 11. Ng5 h6 12. Nxe6 fxe6 13. f4 exf4 14. Bxf4 Qe8 15. Nb5
Rd8 16. Bg4 Nxg4 17. Qxg4 Rf6 18. Rbe1 Rg6 19. Qf3 Rd7 20. Kh1 Rf6 21. Qg3 Qf8
22. Rf3 e5 23. Bxh6 Rxf3 24. gxf3 Bh4 25. Qxh4 Qxf3+ 26. Kh2 gxh6 27. Rg1+ Kh7
28. Rg2 Nd4 29. Nxd4 cxd4 30. Rf2 Qe3 31. Qf6 Rg7 32. Qf5+ Kh8 33. Qf8+ Kh7 34.
Qf5+ 1/2-1/2

[Event "World Rapid Women 2019"]
[Site "Moscow RUS"]
[Date "2019.12.27"]
[Round "7.17"]
[White "Mammadzada, Gunay"]
[Black "Ushenina, Anna"]
[Result "1-0"]
[WhiteTitle "IM"]
[BlackTitle "GM"]
[WhiteElo "2455"]
[BlackElo "2416"]
[WhiteFideId "13403729"]
[BlackFideId "14110911"]
[EventDate "2019.12.26"]

1. e4 c5 2. Nf3 a6 3. c4 Nc6 4. Nc3 e5 5. g3 d6 6. Bg2 g6 7. d3 Bg7 8. Bg5 Nge7
9. Nd5 b5 10. h4 h6 11. Bf6 Bxf6 12. Nxf6+ Kf8 13. O-O Kg7 14. Nd5 bxc4 15. dxc4
Bg4 16. Ne3 Bxf3 17. Bxf3 Rb8 18. b3 Nd4 19. Bg2 h5 20. f4 exf4 21. gxf4 Re8 22.
Qe1 Ng8 23. Nd5 Nf6 24. Nxf6 Qxf6 25. Rd1 a5 26. Rd2 a4 27. bxa4 Re7 28. a5 Qe6
29. Qg3 Qxc4 30. f5 Re5 31. fxg6 fxg6 32. Qf2 Qe6 33. Rb2 Re8 34. Rb7+ Kg8 35.
a6 Nc6 36. a7 Ne7 37. Rb8 Nc6 38. Rxe8+ Qxe8 39. Qf8+ Qxf8 40. Rxf8+ Kxf8 41.
a8=Q+ 1-0

[Event "World Rapid Women 2019"]
[Site "Moscow RUS"]
[Date "2019.12.27"]
[Round "7.18"]
[White "Dordzhieva, Dinara"]
[Black "Mammadova, Gulnar"]
[Result "0-1"]
[WhiteTitle "WIM"]
[BlackTitle "IM"]
[WhiteElo "2314"]
[BlackElo "2386"]
[WhiteFideId "24157570"]
[BlackFideId "13403508"]
[EventDate "2019.12.26"]

1. d4 g6 2. c4 Bg7 3. Nc3 d6 4. Nf3 Nd7 5. g3 e5 6. Bg2 Ne7 7. O-O O-O 8. e4
exd4 9. Nxd4 Nc6 10. Nde2 a5 11. Be3 Nc5 12. Nd4 Ne5 13. b3 Ng4 14. Bf4 Re8 15.
Qd2 Ne6 16. Nxe6 Bxe6 17. h3 Ne5 18. Kh2 a4 19. Be3 Qf6 20. Rac1 axb3 21. axb3
Nf3+ 22. Bxf3 Qxf3 23. Qe2 Qxe2 24. Nxe2 Bd7 25. Nc3 Bxc3 26. Rxc3 Rxe4 27. Rd1
Bc6 28. b4 b6 29. c5 dxc5 30. bxc5 b5 31. Bf4 Re2 32. Be3 f6 33. g4 Kf7 34. Rcd3
h5 35. Kg3 b4 36. gxh5 gxh5 37. Kf4 Rc2 38. Rb1 Ra3 39. Rd4 Rxf2+ 0-1

[Event "World Rapid Women 2019"]
[Site "Moscow RUS"]
[Date "2019.12.27"]
[Round "7.19"]
[White "Serikbay, Assel"]
[Black "Paehtz, Elisabeth"]
[Result "1/2-1/2"]
[WhiteTitle "WIM"]
[BlackTitle "IM"]
[WhiteElo "2286"]
[BlackElo "2475"]
[WhiteFideId "13706799"]
[BlackFideId "4641833"]
[EventDate "2019.12.26"]

1. d4 Nf6 2. c4 g6 3. g3 Bg7 4. Bg2 O-O 5. Nf3 d6 6. O-O Nc6 7. Nc3 Bg4 8. d5
Na5 9. Nd2 c5 10. h3 Bd7 11. e4 e5 12. Qe2 a6 13. a3 Rc8 14. b4 cxb4 15. axb4
Nxc4 16. Nxc4 Qc7 17. Nxd6 Qxd6 18. Qb2 Rc4 19. b5 Rfc8 20. bxa6 bxa6 21. Bd2
Ne8 22. Rfc1 f5 23. Bf1 Rb4 24. Qa3 fxe4 25. Qxa6 Rcb8 26. Qe2 Nf6 27. Bg2 Rb2
28. Qe1 Kh8 29. Nxe4 Nxe4 30. Bxe4 Bxh3 31. Rc6 Qd7 32. Bc3 R2b3 33. Rc1 Bf5 34.
Bxf5 Qxf5 35. Re6 Rf8 36. Bxe5 Bxe5 37. Qxe5+ Qxe5 38. Rxe5 Rb2 39. f4 Rd2 40.
Rce1 Kg7 41. R1e2 Rd1+ 42. Kf2 Rd8 43. Re7+ Kh6 44. Kf3 Rd3+ 45. Kg4 R8xd5 46.
Rh2+ Rh5 47. Rxh5+ gxh5+ 48. Kh4 Rd5 49. Re6+ Kg7 50. Rc6 Rb5 51. Kh3 Ra5 52.
Kg2 Ra2+ 53. Kh3 Ra5 54. Kh4 Rb5 55. Re6 Ra5 56. Re5 Rxe5 57. fxe5 Kg6 58. e6
Kf6 59. Kxh5 Kxe6 60. g4 Kf7 61. Kh6 1/2-1/2

[Event "World Rapid Women 2019"]
[Site "Moscow RUS"]
[Date "2019.12.27"]
[Round "7.20"]
[White "Socko, Monika"]
[Black "Ovod, Evgenija"]
[Result "0-1"]
[WhiteTitle "GM"]
[BlackTitle "IM"]
[WhiteElo "2407"]
[BlackElo "2362"]
[WhiteFideId "1106619"]
[BlackFideId "4131827"]
[EventDate "2019.12.26"]

1. d4 d5 2. c4 e6 3. Nf3 Nf6 4. g3 dxc4 5. Bg2 c5 6. O-O Nc6 7. Ne5 Bd7 8. Na3
cxd4 9. Naxc4 Bc5 10. Bg5 h6 11. Nxd7 Qxd7 12. Bxf6 gxf6 13. Rc1 Rc8 14. Qb3 O-O
15. Rfd1 Qe7 16. Qf3 b5 17. Nd2 Ne5 18. Qh5 Kg7 19. Nb3 f5 20. Rc2 Rfd8 21. Nxc5
Rxc5 22. Rcd2 Qf6 23. b3 Rc3 24. h3 Ng6 25. e4 f4 26. g4 e5 27. Bf1 a6 28. Rd3
Rxd3 29. Bxd3 Rc8 30. f3 Rc3 31. Kf2 Qh4+ 32. Qxh4 Nxh4 33. Ke2 Kf6 34. Rd2 Ke7
35. Rd1 Kd6 36. a4 Rxb3 37. axb5 axb5 38. Ra1 Rb2+ 39. Kf1 Nxf3 40. Ra7 Nd2+ 41.
Ke1 Nc4 42. Rxf7 Ne3 43. Rf6+ Ke7 44. Rxh6 f3 45. Rh7+ Kf8 0-1

[Event "World Rapid Women 2019"]
[Site "Moscow RUS"]
[Date "2019.12.27"]
[Round "7.21"]
[White "Danielian, Elina"]
[Black "Getman, Tatyana"]
[Result "1-0"]
[WhiteTitle "GM"]
[BlackTitle "WFM"]
[WhiteElo "2399"]
[BlackElo "2265"]
[WhiteFideId "13300210"]
[BlackFideId "34166146"]
[EventDate "2019.12.26"]

1. d4 Nf6 2. Bg5 Ne4 3. Bf4 c5 4. f3 Qa5+ 5. c3 Nf6 6. Nd2 cxd4 7. Nb3 Qd8 8.
cxd4 d5 9. e3 e6 10. Rc1 Bb4+ 11. Kf2 O-O 12. Bd3 Nc6 13. Ne2 Bd6 14. Bb1 e5 15.
Bg3 e4 16. a3 Re8 17. Qd2 Nh5 18. Nc5 f5 19. Ba2 f4 20. Bxd5+ Kh8 21. Bxe4 fxg3+
22. hxg3 g6 23. g4 Nf6 24. Bxg6 Rg8 25. Qd3 Rg7 26. g5 Nd5 27. Bxh7 Qxg5 28. g4
Nf6 29. Bf5+ Kg8 30. Qb3+ Rf7 31. Rcg1 Ne7 32. Ne6 Bxe6 33. Bxe6 Ned5 34. Rh5
Qxe3+ 35. Qxe3 Nxe3 36. Bxf7+ Kxf7 37. Kxe3 1-0

[Event "World Rapid Women 2019"]
[Site "Moscow RUS"]
[Date "2019.12.27"]
[Round "7.22"]
[White "Voit, Daria"]
[Black "Nomin-Erdene, Davaademberel"]
[Result "1-0"]
[WhiteTitle "WGM"]
[BlackTitle "IM"]
[WhiteElo "2336"]
[BlackElo "2425"]
[WhiteFideId "4182146"]
[BlackFideId "4900782"]
[EventDate "2019.12.26"]

1. Nf3 f5 2. d3 d6 3. e4 e5 4. Nc3 Nc6 5. exf5 Bxf5 6. d4 exd4 7. Nxd4 Nxd4 8.
Qxd4 Nf6 9. Bg5 Be7 10. Bc4 h6 11. Bh4 Qd7 12. O-O-O c5 13. Qd2 O-O-O 14. Rhe1
Kb8 15. h3 a6 16. g4 Bg6 17. f4 Rhf8 18. Be6 Qc6 19. Nd5 Rde8 20. Nxe7 Rxe7 21.
f5 Bh7 22. Qxd6+ Qxd6 23. Rxd6 Ka7 24. Bf2 b6 25. b4 Rc7 26. a4 Kb7 27. a5 bxa5
28. bxc5 Bg8 29. Rb6+ Ka8 30. Rxa6+ Kb7 31. Rxa5 Rd8 32. Rb5+ Ka6 33. Rb6+ Ka7
34. Kb2 Ka8 35. Ra1+ Ra7 36. Rxa7+ Kxa7 37. c6 Nd5 38. Rb7+ Ka6 39. Rxg7 Bxe6
40. fxe6 Kb5 41. Rd7 Rb8 42. c7 1-0

[Event "World Rapid Women 2019"]
[Site "Moscow RUS"]
[Date "2019.12.27"]
[Round "7.23"]
[White "Song, Yuxin"]
[Black "Khomeriki, Nino"]
[Result "1/2-1/2"]
[WhiteTitle "WIM"]
[BlackTitle "WGM"]
[WhiteElo "2299"]
[BlackElo "2355"]
[WhiteFideId "8614300"]
[BlackFideId "13603191"]
[EventDate "2019.12.26"]

1. e4 e5 2. Nf3 Nc6 3. Bb5 a6 4. Ba4 Nf6 5. O-O Be7 6. Re1 b5 7. Bb3 d6 8. c3
O-O 9. h3 Bb7 10. d4 Re8 11. Nbd2 h6 12. a4 Bf8 13. Bc2 exd4 14. Nxd4 Nxd4 15.
cxd4 c5 16. d5 g6 17. b3 Bg7 18. Bb2 Nd7 19. Bxg7 Kxg7 20. axb5 axb5 21. Rxa8
Bxa8 22. Bd3 Qb6 23. Qe2 Bxd5 24. Bxb5 Bc6 25. Bxc6 Qxc6 26. Ra1 Nf6 27. Qa6
Qxa6 28. Rxa6 Rd8 29. f3 Kf8 30. Nc4 Ke7 31. e5 Ne8 32. exd6+ Nxd6 33. Rc6 Nxc4
34. bxc4 Rd4 35. Rxc5 Kd6 36. Rc8 Kd7 37. Rf8 Ke7 38. Rh8 h5 39. c5 Rc4 40. Rc8
Kd7 41. Rf8 Ke7 42. Rc8 Kd7 1/2-1/2

[Event "World Rapid Women 2019"]
[Site "Moscow RUS"]
[Date "2019.12.27"]
[Round "7.24"]
[White "Cramling, Pia"]
[Black "Novikova, Anna"]
[Result "0-1"]
[WhiteTitle "GM"]
[BlackTitle "WIM"]
[WhiteElo "2461"]
[BlackElo "2260"]
[WhiteFideId "1700030"]
[BlackFideId "4146794"]
[EventDate "2019.12.26"]

1. Nf3 d5 2. d4 e6 3. g3 Nf6 4. Bg2 Be7 5. O-O O-O 6. c4 dxc4 7. Ne5 Nc6 8. Nxc6
bxc6 9. Na3 Rb8 10. Nxc4 c5 11. Na5 Bd7 12. Nb7 Qe8 13. Nxc5 Bxc5 14. dxc5 Bc6
15. Bxc6 Qxc6 16. b3 Qxc5 17. Bb2 Rfd8 18. Qc1 Qxc1 19. Rfxc1 Ne8 20. e3 f6 21.
Bd4 Rb7 22. Rc6 e5 23. Bc3 Rb6 24. Rc5 Rbd6 25. Kf1 Rd1+ 26. Rxd1 Rxd1+ 27. Ke2
Rc1 28. Bb4 Ra1 29. Rc2 Kf7 30. Bc3 Rh1 31. h4 Ke6 32. Ba5 Kd7 33. e4 g6 34. Be1
Nd6 35. f3 Nb5 36. Bf2 Rh2 37. Kd3 a6 38. a4 Nd6 39. b4 f5 40. Ra2 fxe4+ 41.
fxe4 c6 42. Rd2 Ke6 43. Rc2 Kd7 44. Rd2 Ke6 45. Be3 Rxd2+ 46. Bxd2 Kd7 47. Be3
Ke6 48. Ba7 Kd7 49. Bb8 Nf7 50. Ba7 g5 51. hxg5 Nxg5 52. Be3 Ne6 53. Kc4 h5 54.
Bd2 Kd6 55. Bh6 Kd7 56. Bc1 Kd6 57. Be3 Kc7 58. Bc5 Ng5 59. Kd3 Kd7 60. Ba7 Kc8
61. Be3 Ne6 62. Bb6 Kb7 63. Be3 Kc7 64. Kc4 Kd6 65. Ba7 Kc7 66. Bc5 Ng5 67. Kd3
Kd7 68. Ba7 Kc7 69. Bc5 Kd7 70. Be3 Ne6 71. Ba7 Kc7 72. Bf2 Kd6 73. Ba7 Kc7 74.
Kc4 Ng5 75. Kd3 Ne6 76. Be3 Kd6 77. Kc4 Kc7 78. Bc1 Kd6 79. Ba3 Kc7 80. Bb2 Kd6
81. Ba3 Kc7 82. b5 axb5+ 83. axb5 Ng5 84. Bb2 cxb5+ 85. Kxb5 Kd6 86. Ba3+ Ke6
87. Bb4 Nxe4 88. Be1 Kd5 89. Kb6 Nc5 90. Bd2 Nd3 91. Kb5 Kd4 92. Bg5 e4 93. Bf6+
Ne5 0-1